| 000 | 00877nam a2200229Ii 4500 | ||
|---|---|---|---|
| 003 | JO-AjNU | ||
| 008 | 230605s9999||||xx |||||||||||||| ||und|| | ||
| 017 | _a2008/6/1588 | ||
| 020 | _a978- 9957- 16- 344- 0 | ||
| 040 |
_aJO-AjNU _bara _erda _cJO-AjNU |
||
| 041 | _aara | ||
| 050 | 1 | 4 | _aK7040.M37 2019 |
| 100 | 3 |
_aالمصري، محمد وليد , _eauthor _959210 |
|
| 245 | 0 | 0 | _aالوجيز في شرح القانون الدولي الخاص: دراسة مقارنة بالتشريعات العربية والقانون الفرنسي |
| 250 | _aط1 | ||
| 264 | 3 | 1 | _aعمان: دار الثقافة للنشر والتوزيع، 2019 |
| 300 |
_a397ص _bيحتوي على مراجع من ص 389- 397 |
||
| 336 |
_atext _btxt _2rdacontent |
||
| 337 |
_aunmediated _bn _2rdamedia |
||
| 338 |
_avolume _bnc _2rdacarrier |
||
| 650 | 4 |
_aالقانون الدولي _959211 |
|
| 999 |
_aA26633 _c30201 _d30201 |
||